Countries More Populous than All Their Neighbors Combined - Statistics

General Stats
  • This quiz has been taken 36,847 times
    15,265 since last reset
  • The average score is 6 of 9
Answer Stats
Country % Correct
United States
96%
Indonesia
86%
United Kingdom
85%
South Africa
74%
South Korea
71%
Nigeria
69%
Egypt
68%
Haiti
67%
Yemen
29%
No matching quizzes found
Score Distribution
Percent of People with Each Score
Percentile by Number Answered
Your Score History
You have not taken this quiz since the last reset